00975cam a22002653a 45000010005000000030006000050050017000110080041000280400015000690420007000840500007000911000071000982450147001692600029003165060030003455160020003756530034003956530070004296530034004996530045005336530041005786530021006198300028006408560041006683840PGUSA20140828083039.0041202s2004||||xxu|||||s|||||000 | eng d aPGUSAbeng adc 4aDC1 aMarguerite, Queen, consort of Henry IV, King of France,d1553-161510aMemoirs of Marguerite de Valois, Queen of Navarre — Volume 3h[electronic resource] /cQueen, consort of Henry IV, King of France Marguerite bProject Gutenberg,c2004 aPublic domain in the USA. aElectronic text aQueens -- France -- Biography aMarguerite, Queen, consort of Henry IV, King of France, 1553-1615 aFrance -- Court and courtiers aFrance -- History -- Henry IV, 1589-1610 aHuguenots -- History -- 16th century aValois, House of 0aProject Gutenbergv384040uhttp://www.gutenberg.org/ebooks/3840